University Home | Library Home | Institutional Repository

Neurology / (Record no. 41685)

MARC details
000 -LEADER
fixed length control field 00858cam1a220025300 4500
001 - CONTROL NUMBER
control field lce00581262
008 - FIXED-LENGTH DATA ELEMENTS--GENERAL INFORMATION
fixed length control field 731003s1966 ilua b 000 0 eng
010 ## - LIBRARY OF CONGRESS CONTROL NUMBER
LC control number 66010546 //r882
035 ## - SYSTEM CONTROL NUMBER
System control number (Sirsi) r23340
035 ## - SYSTEM CONTROL NUMBER
System control number (DLC) 66010546 //r882
035 ## - SYSTEM CONTROL NUMBER
System control number (UPRA)lce00581262
040 ## - CATALOGING SOURCE
Modifying agency UPRA
050 0# - LIBRARY OF CONGRESS CALL NUMBER
Classification number RC341
Item number .G83 1966
082 ## - DEWEY DECIMAL CLASSIFICATION NUMBER
Classification number 616.8
100 1# - MAIN ENTRY--PERSONAL NAME
Personal name Grinker, Roy R. (Roy Richard), 1900-
Fuller form of name Grinker, Roy R. (Roy Richard), 1900-
Dates associated with a name Grinker, Roy R. (Roy Richard), 1900-
Linkage A57818.1
245 10 - TITLE STATEMENT
Title Neurology /
Statement of responsibility, etc. by Roy R. Grinker and Adolph L. Sahs.
250 ## - EDITION STATEMENT
Edition statement 6th ed.
260 ## - PUBLICATION, DISTRIBUTION, ETC.
Place of publication, distribution, etc. Springfield, IL :
Name of publisher, distributor, etc. Thomas,
Date of publication, distribution, etc. [1966]
504 ## - BIBLIOGRAPHY, ETC. NOTE
Bibliography, etc. note Bibliography: p. 1379-1523.
650 #0 - SUBJECT ADDED ENTRY--TOPICAL TERM
Topical term or geographic name entry element Neurology.
Linkage S191.1
700 1# - ADDED ENTRY--PERSONAL NAME
Personal name Sahs, Adolph L., 1906-
Dates associated with a name Sahs, Adolph L., 1906-
Linkage A84704.1
949 ## - LOCAL PROCESSING INFORMATION (OCLC)
a RC341
w LC
i -22626
m MEDICAL
t BOOK
l ON-SHELF
Holdings
Withdrawn status Lost status Source of classification or shelving scheme Damaged status Not for loan Home library Current library Shelving location Total Checkouts Full call number Barcode Date last seen Copy number Price effective from Koha item type
    Library of Congress Classification     Medical Library Medical Library On Shelf   RC341 -22626 08/13/2019 1 08/13/2019 Book
© 2026 - The University of Zambia Library - Koha v25.11